Normal view
MARC view
- تاليف البصري،علي بن حمزة؛حققه خليل ابراهيم العطية
Entry Personal Name
001 - CONTROL NUMBER
- control field: 9325
003 - CONTROL NUMBER IDENTIFIER
- control field: JO-AjAnu
005 - DATE AND TIME OF LATEST TRANSACTION
- control field: 20230606071812.0
008 - FIXED-LENGTH DATA ELEMENTS
- fixed length control field: 230606|| aca||aabn | a|a d
040 ## - CATALOGING SOURCE
- Original cataloging agency: JO-AjAnu
- Transcribing agency: JO-AjAnu
100 ## - HEADING--PERSONAL NAME
- Personal name: تاليف البصري،علي بن حمزة؛حققه خليل ابراهيم العطية
670 ## - SOURCE DATA FOUND
- Source citation: Work cat.: (JO-AjAnu)4809: تاليف البصري،علي بن حمزة؛حققه خليل ابراهيم العطية, author, بقية التنبيهات على اغلاط الرواة